ਆਪਣੇ ਬਾਲ ਨੂੰ ਸਮਝੇ / (Record no. 110831)

MARC details
000 -LEADER
fixed length control field 01096nam a22002657a 4500
005 - DATE AND TIME OF LATEST TRANSACTION
control field 20170123164158.0
010 ## - LIBRARY OF CONGRESS CONTROL NUMBER
LC control number B-124188
020 ## - INTERNATIONAL STANDARD BOOK NUMBER
Terms of availability 150.00
International Standard Book Number 8182990246
035 ## - SYSTEM CONTROL NUMBER
System control number B-124188
037 ## - SOURCE OF ACQUISITION
Source of stock number/acquisition Cen Lib/Ret
040 ## - CATALOGING SOURCE
Original cataloging agency DPL
Language of cataloging PN
082 ## - DEWEY DECIMAL CLASSIFICATION NUMBER
Classification number 649.1
Item number ਤੂਰਅ
100 ## - MAIN ENTRY--PERSONAL NAME
Personal name ਤੂਰ, ਅਕਾਦਮੀਸ਼ਨ ਏ.
9 (RLIN) 131868
245 ## - TITLE STATEMENT
Title ਆਪਣੇ ਬਾਲ ਨੂੰ ਸਮਝੇ /
Statement of responsibility, etc ਅਕਾਦਮੀਸ਼ਨ ਏ. ਤੁਰ ; ਅਨੁਵਾਦਕ ਜਸਵੰਤ ਗਿੱਲ
246 ## - VARYING FORM OF TITLE
Title proper/short title Apne bal nu samjoh /
Remainder of title by Akādamīshana E Tūra ; Jaswant Gill
260 ## - PUBLICATION, DISTRIBUTION, ETC. (IMPRINT)
Place of publication, distribution, etc ਦਿੱਲੀ
Name of publisher, distributor, etc ਆਰਸੀ ਪਬਲਿਸ਼ਰਜ਼
Date of publication, distribution, etc 2005
270 ## - ADDRESS
Address ਚਾਂਦਨੀ ਚੌਕ
City ਦਿੱਲੀ
Postal code 110006
300 ## - PHYSICAL DESCRIPTION
Extent 307
Dimensions 27cm(Hb)
650 ## - SUBJECT ADDED ENTRY--TOPICAL TERM
Topical term or geographic name as entry element Health care
9 (RLIN) 10055
650 ## - SUBJECT ADDED ENTRY--TOPICAL TERM
Topical term or geographic name as entry element Health Sciences
Form subdivision Baby care
9 (RLIN) 112692
650 ## - SUBJECT ADDED ENTRY--TOPICAL TERM
Topical term or geographic name as entry element ਹੈਲਥ ਕੇਅਰ
9 (RLIN) 1541
650 ## - SUBJECT ADDED ENTRY--TOPICAL TERM
Topical term or geographic name as entry element ਸਿਹਤ ਵਿਗਿਆਨ --
Form subdivision ਬੇਬੀ ਕੇਅਰ
9 (RLIN) 131869
700 ## - ADDED ENTRY--PERSONAL NAME
Personal name ਗਿੱਲ, ਜਸਵੰਤ
9 (RLIN) 141158
942 ## - ADDED ENTRY ELEMENTS (KOHA)
Source of classification or shelving scheme Dewey Decimal Classification
Koha item type Punjabi Bks
Classification part 649.1
Call number suffix ਤੁਰਅ
Holdings
Withdrawn status Lost status Damaged status Not for loan Home library Current library Date acquired Source of acquisition Cost, normal purchase price Total Checkouts Full call number Barcode Date last seen Copy number Cost, replacement price Price effective from Koha item type
        Central Library Central Library 09/02/2016 Cen Lib/Ret 150.00   649.1 ਤੁਰਅ B-124188 09/02/2016 1 150.00 09/02/2016 Punjabi Bks

© Delhi Public Library
Hit Counter
free hit counter